Jours de la semaine en 15 secondes - Statistiques

Statistiques générales
  • Ce quiz a été pris 841 fois
  • Le résultat moyen est 6 sur 7
Statistiques - réponses
Hint Réponse % Correct
1er Lundi
100%
2e Mardi
97%
4e Jeudi
92%
3e Mercredi
92%
5e Vendredi
88%
6e Samedi
85%
7e Dimanche
75%
Aucun quiz correspondant
Distribution des résultats
% des personnes avec chaque résultat
Percentile par nombre de réponses
Votre historique - résultats
Vous n’avez pas pris ce quiz